000
00210 a2200097 4500
001
48864
100
_a
Blackwell
245
_a
Making defense reform work
260
_a
Wash
_b
Brasseys
_c
090
_c
31759
_d
31759
942
_a
NUST-CAE
_c
M
_c
24179
999
_c
283937
_d
283937